000 00988nam a2200253zi 4500
003 URS
005 20220117090709.0
008 190403s1987 ph ||||| |||| 00| 0 eng |
040 _cURS
_erda
_aURS
_beng
_dURS
050 1 0 _aKPM 2832
_bT264 1987
100 1 _aTeodoro, Benjamin D.,
_eauthor
245 1 4 _aThe law on income taxation :
_bwith illustrations, problems, and solutions /
_cBenjamin D. Teodoro and Hector S. De Leon
250 _a1987 edition
264 1 _aManila, Philippines :
_bRex Book Store,
_c[date of publication not identified]
264 4 _c©1987
300 _axx, 491 pages ;
_c22 cm
336 _2rdacontent
_atext
_btxt
337 _2rdamedia
_aunmediated
_bn
338 _2rdacarrier
_avolume
_bnc
524 _aTeodoro, B. D. and De Leon, H. S. (1987). The law on income taxation: with illustrations, problems, and solutions. Manila, Philippines: Rex Book Store.
650 0 _aTaxation
_xLaw
_zPhilippines
700 1 _aDe Leon, Hector S.,
_eauthor
942 _2lcc
_cF
999 _c6156
_d6156